[Event "3. Wittelsbacher Weihnachts-Schach-Open"]
[Site "Kelheim"]
[Date "2014.12.30"]
[Round "7.70"]
[White "Böse, Christina"]
[Black "Guckes, Simon"]
[Result "1-0"]
[WhiteElo "1414"]
[BlackElo "1007"]
[PlyCount "65"]
[EventDate "2014.??.??"]
[WhiteTeam "SC Bechhofen"]
[BlackTeam "SV Worms"]

1. e4 c5 2. d3 Nc6 3. g3 e6 4. Bg2 d5 5. exd5 exd5 6. Nc3 Nf6 7. Bg5 d4 8. Nd5
Be7 9. Bxf6 Bxf6 10. Qf3 O-O 11. Nxf6+ Qxf6 12. Qxf6 gxf6 13. O-O-O Nb4 14. a3
Na6 15. Re1 Rb8 16. Nh3 b5 17. Re7 b4 18. axb4 Rxb4 19. Rhe1 Be6 20. Nf4 Bf5
21. Nd5 Ra4 22. Nxf6+ Kg7 23. Nh5+ Kg6 24. Nf4+ Kg7 25. Kb1 c4 26. R1e5 Kf6 27.
Be4 Bxe4 28. dxe4 c3 29. Nh5+ Kg6 30. b3 Rb8 31. Rd7 Ra3 32. Rd6+ f6 33. Rxf6#
1-0

[Event "3. Wittelsbacher Weihnachts-Schach-Open"]
[Site "Kelheim"]
[Date "2014.12.30"]
[Round "7.71"]
[White "Grieneisen Pivatto, Vivian"]
[Black "M?hlich, Raphael"]
[Result "0-1"]
[WhiteElo "1133"]
[BlackElo "785"]
[PlyCount "64"]
[EventDate "2014.??.??"]
[WhiteTeam "FSV Gro?enseebach"]
[BlackTeam "SK Kelheim"]

1. e4 e5 2. Nf3 Nc6 3. Bc4 Bc5 4. b3 d6 5. Bb2 Nf6 6. Ng5 O-O 7. Nc3 h6 8. Nf3
Bg4 9. h3 Be6 10. Qe2 a6 11. Nd5 b5 12. Nxf6+ Qxf6 13. Bxe6 Qxe6 14. O-O Ne7
15. d4 exd4 16. Bxd4 Bxd4 17. Nxd4 Qg6 18. c4 bxc4 19. bxc4 Rfe8 20. Rfe1 c5
21. Nb3 Nc6 22. Rad1 Re6 23. f3 Rf6 24. Rd5 Ne5 25. Nxc5 Nxf3+ 26. Kh1 Nxe1 27.
Nd7 Rf4 28. Qxe1 Rxe4 29. Qd1 Rxc4 30. Nb6 Rc2 31. Rd2 Rxd2 32. Qxd2 Qb1+ 0-1

[Event "3. Wittelsbacher Weihnachts-Schach-Open"]
[Site "Kelheim"]
[Date "2014.12.30"]
[Round "7.72"]
[White "Hofer, Jakob"]
[Black "Oberley, Karl-Heinz"]
[Result "0-1"]
[WhiteElo "784"]
[BlackElo "1118"]
[PlyCount "68"]
[EventDate "2014.??.??"]
[WhiteTeam "SK Kelheim"]
[BlackTeam "SK Ingolstadt"]

1. e4 c5 2. Bc4 e6 3. Nf3 Be7 4. O-O a6 5. Nc3 d6 6. d3 Nf6 7. Bf4 Nc6 8. e5
dxe5 9. Nxe5 Nxe5 10. Bxe5 O-O 11. Bxf6 Bxf6 12. Ne4 b6 13. c3 Bb7 14. Nxf6+
Qxf6 15. Qg4 Rae8 16. d4 cxd4 17. cxd4 Rd8 18. Rfe1 Rfe8 19. d5 exd5 20. Bd3
Bc8 21. Qh5 g6 22. Qh6 b5 23. Re3 Re6 24. Rae1 Rxe3 25. Rxe3 Be6 26. Re2 Rc8
27. Re1 Qxb2 28. Bb1 Qg7 29. Qg5 Qf8 30. h3 Rc4 31. Bd3 Ra4 32. Qd2 Qb4 33. Qc1
Rxa2 34. Bc2 Kg7 0-1

[Event "3. Wittelsbacher Weihnachts-Schach-Open"]
[Site "Kelheim"]
[Date "2014.12.30"]
[Round "7.73"]
[White "Schilay, Erich"]
[Black "Boos-Guckes, Astrid"]
[Result "0-1"]
[WhiteElo "849"]
[BlackElo "1078"]
[PlyCount "76"]
[EventDate "2014.??.??"]
[WhiteTeam "SK Neumarkt"]
[BlackTeam "SV Worms"]

1. d3 d6 2. c3 Nf6 3. Be3 g6 4. Nd2 Bg7 5. Ngf3 Bf5 6. Qc2 Nd5 7. O-O-O Nxe3 8.
fxe3 O-O 9. Nb1 Nd7 10. h3 Be6 11. h4 h5 12. Nfd2 Bxa2 13. e4 c5 14. e3 Ne5 15.
Be2 a5 16. Bf3 a4 17. Na3 Bh6 18. Rde1 Qb6 19. c4 Bb3 20. Qb1 Qb4 21. Nc2 Nxd3+
22. Kd1 Bxc2+ 23. Qxc2 Nf2+ 24. Ke2 Nxh1 25. Rxh1 a3 26. Qb3 Qxb3 27. Nxb3 a2
28. Ra1 Bg7 29. Rd1 Bxb2 30. Na1 Bxa1 31. Rxa1 Ra4 32. Kd3 Ra3+ 33. Kc2 Rfa8
34. Kb2 R8a4 35. g3 Rxe3 36. Bh1 Rxg3 37. Rxa2 Rxa2+ 38. Kxa2 Rh3 0-1